|
|
|
|
| LEADER |
03120nam a22004935i 4500 |
| 001 |
978-88-470-0799-4 |
| 003 |
DE-He213 |
| 005 |
20151204164038.0 |
| 007 |
cr nn 008mamaa |
| 008 |
100715s2009 it | s |||| 0|ita d |
| 020 |
|
|
|a 9788847007994
|9 978-88-470-0799-4
|
| 024 |
7 |
|
|a 10.1007/978-88-470-0799-4
|2 doi
|
| 040 |
|
|
|d GrThAP
|
| 050 |
|
4 |
|a RC705-779
|
| 072 |
|
7 |
|a MJL
|2 bicssc
|
| 072 |
|
7 |
|a MED079000
|2 bisacsh
|
| 082 |
0 |
4 |
|a 616.2
|2 23
|
| 100 |
1 |
|
|a Bösch, Dennis.
|e author.
|
| 245 |
1 |
0 |
|a Prove di funzionalitä respiratoria
|h [electronic resource] :
|b Realizzazione, interpretazione, referti /
|c by Dennis Bösch, Carl-Peter Criée.
|
| 264 |
|
1 |
|a Milano :
|b Springer Milan,
|c 2009.
|
| 300 |
|
|
|a XI, 156 pagg.
|b online resource.
|
| 336 |
|
|
|a text
|b txt
|2 rdacontent
|
| 337 |
|
|
|a computer
|b c
|2 rdamedia
|
| 338 |
|
|
|a online resource
|b cr
|2 rdacarrier
|
| 347 |
|
|
|a text file
|b PDF
|2 rda
|
| 505 |
0 |
|
|a Veduta d’insieme delle prove di funzionalitä respiratoria -- Parametri inerenti alla funzione polmonare -- Spirometria -- Pletismografia corporea -- Test di broncodilatazione e di broncoprovocazione -- Test di diffusione -- Misura della pressione d’occlusione alla bocca -- Misura del picco di flusso -- Emogasanalisi -- Strategie interpretative delle prove di funzionalità respiratoria -- Esercizi pratici.
|
| 520 |
|
|
|a Gli esami di valutazione della funzionalità respiratoria sono sempre più diffusi e hanno assunto un valore elevato nella decisione terapeutica e nella perizia medica. Quale esame,quando,perché: Spirometria, pletismografia corporea, test di diffusione, test di provocazione, misurazione della pressione d’occlusione alla bocca, misurazione del picco di flusso, emogasanalisi... Affidabilità nelle procedure diagnostiche: Consigli e suggerimenti per informare e guidare il paziente. È solo grazie alla sua collaborazione attiva che si possono ottenere risultati corretti Referti corretti: Valutazione del contesto unita alla valutazione clinica del paziente e ai risultati degli esami All’interno del volume: principi di base della pratica clinica, introduzione alle metodiche, parametri di riferimento, guida all’interpretazione degli esami e altre informazioni utili Approccio sistematico a casi clinici di varia complessità con esempi pratici,domande, esercizi e referti Il successo: autonomia e sicurezza nell’esecuzione degli esami e nella definizione del referto.
|
| 650 |
|
0 |
|a Medicine.
|
| 650 |
|
0 |
|a Anesthesiology.
|
| 650 |
|
0 |
|a General practice (Medicine).
|
| 650 |
|
0 |
|a Internal medicine.
|
| 650 |
|
0 |
|a Respiratory organs
|x Diseases.
|
| 650 |
1 |
4 |
|a Medicine & Public Health.
|
| 650 |
2 |
4 |
|a Pneumology/Respiratory System.
|
| 650 |
2 |
4 |
|a Internal Medicine.
|
| 650 |
2 |
4 |
|a General Practice / Family Medicine.
|
| 650 |
2 |
4 |
|a Anesthesiology.
|
| 700 |
1 |
|
|a Criée, Carl-Peter.
|e author.
|
| 710 |
2 |
|
|a SpringerLink (Online service)
|
| 773 |
0 |
|
|t Springer eBooks
|
| 776 |
0 |
8 |
|i Printed edition:
|z 9788847007987
|
| 856 |
4 |
0 |
|u http://dx.doi.org/10.1007/978-88-470-0799-4
|z Full Text via HEAL-Link
|
| 912 |
|
|
|a ZDB-2-SME
|
| 950 |
|
|
|a Medicine (Springer-11650)
|